[Event "H.C Andersen Open"]
[Site "Odense"]
[Date "2013.05.11"]
[Round "6"]
[White "Nielsen, Poul Erik"]
[Black "Jannik, Morten Emil"]
[Result "1/2-1/2"]
[WhiteElo "2107"]
[BlackElo "1610"]
[PlyCount "52"]
[EventDate "2013.05.08"]
[EventType "swiss"]
[EventRounds "9"]
[EventCountry "DEN"]
[SourceTitle "CBM 154 Extra"]
[Source "ChessBase"]
[SourceDate "2013.06.25"]

1. e4 c6 2. d3 d5 3. Nd2 e5 4. g3 Nf6 5. Bg2 Bd6 6. Ngf3 Bg4 7. h3 Bxf3 8. Bxf3
Nbd7 9. O-O Qb6 10. c3 O-O 11. Nb3 h6 12. Bg2 Rfe8 13. g4 Rad8 14. h4 dxe4 15.
dxe4 Be7 16. Be3 Bc5 17. Nxc5 Nxc5 18. Qe2 Qa6 19. Qf3 Ne6 20. g5 hxg5 21. hxg5
Nh7 22. Qh5 g6 23. Qh6 Qe2 24. Rfe1 Qh5 25. Bxa7 Qxg5 26. Qxg5 Nhxg5 1/2-1/2

[Event "H.C Andersen Open"]
[Site "Odense"]
[Date "2013.05.11"]
[Round "6"]
[White "Rasmussen, Morten Thor"]
[Black "Heinemann, Guido"]
[Result "0-1"]
[WhiteElo "1719"]
[BlackElo "1856"]
[PlyCount "38"]
[EventDate "2013.05.08"]
[EventType "swiss"]
[EventRounds "9"]
[EventCountry "DEN"]
[SourceTitle "CBM 154 Extra"]
[Source "ChessBase"]
[SourceDate "2013.06.25"]

1. e4 e5 2. f4 d5 3. exd5 c6 4. dxc6 Nxc6 5. Bb5 exf4 6. Bxc6+ bxc6 7. Nf3 Bd6
8. d4 Ba6 9. Nc3 Nf6 10. Ne5 g5 11. Kf2 Bxe5 12. Re1 O-O 13. Rxe5 Ng4+ 14. Ke1
Nxe5 15. dxe5 Qb6 16. Ne2 Rad8 17. Bd2 Rfe8 18. c4 Rxe5 19. Qc2 Qg1# 0-1

[Event "H.C Andersen Open"]
[Site "Odense"]
[Date "2013.05.11"]
[Round "6"]
[White "Rostgaard, Tobias Valentin"]
[Black "Haub, Thorsten Michael"]
[Result "0-1"]
[WhiteElo "2275"]
[BlackElo "2462"]
[PlyCount "64"]
[EventDate "2013.05.08"]
[EventType "swiss"]
[EventRounds "9"]
[EventCountry "DEN"]
[SourceTitle "CBM 154 Extra"]
[Source "ChessBase"]
[SourceDate "2013.06.25"]

1. d4 g6 2. c4 Bg7 3. Nf3 d6 4. g3 f5 5. Bg2 Nf6 6. O-O O-O 7. Nc3 c6 8. Rb1
Nh5 9. b4 e5 10. dxe5 dxe5 11. Qb3 Qe8 12. b5 e4 13. Ne1 Be6 14. Ba3 Rf7 15.
Nc2 Nd7 16. Bb2 Ne5 17. Na3 Nf6 18. f3 exf3 19. exf3 f4 20. Ne2 Nh5 21. g4 Nxc4
22. Nxc4 cxb5 23. Nd6 Bxb3 24. Nxe8 Rxe8 25. gxh5 Bxa2 26. Bxg7 Bxb1 27. Rxb1
Kxg7 28. Nc3 a6 29. hxg6 hxg6 30. Ne4 Rc7 31. Bh3 Rc2 32. Rd1 Re7 0-1

[Event "H.C Andersen Open"]
[Site "Odense"]
[Date "2013.05.11"]
[Round "6"]
[White "Rozentalis, Eduardas"]
[Black "Rusev, Krasimir"]
[Result "1/2-1/2"]
[WhiteElo "2611"]
[BlackElo "2545"]
[PlyCount "39"]
[EventDate "2013.05.08"]
[EventType "swiss"]
[EventRounds "9"]
[EventCountry "DEN"]
[SourceTitle "CBM 154 Extra"]
[Source "ChessBase"]
[SourceDate "2013.06.25"]

1. e4 e5 2. Nf3 Nc6 3. Nc3 Nf6 4. g3 d5 5. exd5 Nxd5 6. Bg2 Nxc3 7. bxc3 Bd6 8.
O-O O-O 9. Re1 Re8 10. d3 Rb8 11. Rb1 Bd7 12. Nd2 Na5 13. Ne4 Bf8 14. Qh5 f6
15. f4 Be6 16. fxe5 Bf7 17. Qf3 Rxe5 18. Bf4 Re8 19. g4 Qd7 20. Qg3 1/2-1/2

[Event "H.C Andersen Open"]
[Site "Odense"]
[Date "2013.05.11"]
[Round "6"]
[White "Semcesen, Daniel"]
[Black "Thogersen, Rasmus"]
[Result "0-1"]
[WhiteElo "2473"]
[BlackElo "2013"]
[PlyCount "66"]
[EventDate "2013.05.08"]
[EventType "swiss"]
[EventRounds "9"]
[EventCountry "DEN"]
[SourceTitle "CBM 154 Extra"]
[Source "ChessBase"]
[SourceDate "2013.06.25"]

1. Nf3 Nf6 2. b3 g6 3. Bb2 Bg7 4. c4 O-O 5. g3 d6 6. Bg2 e5 7. O-O Nc6 8. Nc3
Nd7 9. d3 f5 10. a3 a5 11. Rb1 g5 12. Nd5 f4 13. b4 axb4 14. axb4 g4 15. Nd2
Nf6 16. b5 Ne7 17. Ra1 Rxa1 18. Qxa1 Nfxd5 19. cxd5 Bh6 20. Qa5 b6 21. Qc3 Nf5
22. Qb4 fxg3 23. hxg3 Nxg3 24. fxg3 Be3+ 25. Kh1 Qg5 26. Rxf8+ Kxf8 27. Nf1 Bf2
28. Nh2 Bxg3 29. Qc4 Qh6 30. Kg1 Qe3+ 31. Kh1 Qh6 32. Kg1 Bxh2+ 33. Kf1 Qf4+
0-1

[Event "H.C Andersen Open"]
[Site "Odense"]
[Date "2013.05.11"]
[Round "7"]
[White "Andersen, Bjarne Hjorth"]
[Black "Matras, Ove"]
[Result "0-1"]
[WhiteElo "2026"]
[BlackElo "1855"]
[PlyCount "109"]
[EventDate "2013.05.08"]
[EventType "swiss"]
[EventRounds "9"]
[EventCountry "DEN"]
[SourceTitle "CBM 154 Extra"]
[Source "ChessBase"]
[SourceDate "2013.06.25"]

1. e4 e5 2. Nf3 Nc6 3. Bb5 Bc5 4. O-O d6 5. d4 exd4 6. Nxd4 Bd7 7. Nxc6 bxc6 8.
Bd3 Ne7 9. Nc3 Ng6 10. Ne2 Rb8 11. b3 Ne5 12. Bb2 Qg5 13. Bxe5 Qxe5 14. Ng3 h5
15. Nf5 g6 16. Re1 Qf4 17. Ne3 h4 18. Qf3 Qxf3 19. gxf3 Bd4 20. Rab1 Kd8 21.
Ng4 f5 22. Ne3 Be5 23. Nc4 Bf4 24. e5 d5 25. Nb2 Re8 26. Na4 Bxe5 27. Nc5 Bd6
28. Rxe8+ Bxe8 29. Ne6+ Kd7 30. Nd4 Bf7 31. Re1 Re8 32. Rxe8 Bxe8 33. Ne2 c5
34. c4 c6 35. cxd5 cxd5 36. Bb5+ Ke7 37. Bxe8 Kxe8 38. h3 Kd7 39. Kf1 Kc6 40.
Ke1 d4 41. Kd2 Kd5 42. Kd3 g5 43. Kd2 c4 44. Kc1 Bb4 45. Kd1 d3 46. Nc1 Kd4 47.
bxc4 Kxc4 48. Nb3 a5 49. Nd2+ Kc3 50. Kc1 Ba3+ 51. Kd1 a4 52. Ke1 Bc1 53. Nb1+
Kc2 54. Nc3 Kxc3 55. Kd1 0-1

[Event "H.C Andersen Open"]
[Site "Odense"]
[Date "2013.05.11"]
[Round "7"]
[White "Bach, Matthias"]
[Black "Johansen, Johnny Holler"]
[Result "1-0"]
[WhiteElo "2252"]
[BlackElo "2002"]
[PlyCount "69"]
[EventDate "2013.05.08"]
[EventType "swiss"]
[EventRounds "9"]
[EventCountry "DEN"]
[SourceTitle "CBM 154 Extra"]
[Source "ChessBase"]
[SourceDate "2013.06.25"]

1. d4 Nf6 2. c4 g6 3. Nc3 d5 4. cxd5 Nxd5 5. g3 Nxc3 6. bxc3 Bg7 7. Bg2 c5 8.
e3 Qc7 9. Ne2 O-O 10. O-O Nc6 11. Ba3 cxd4 12. cxd4 Rd8 13. Qa4 Bg4 14. Rfe1
Rac8 15. Rab1 Qd7 16. Qb5 b6 17. Rec1 Bxe2 18. Qxe2 Na5 19. Qa6 e6 20. Bf1 h5
21. h4 Rxc1 22. Rxc1 Qd5 23. Qxa7 Qxa2 24. Qxb6 Rd5 25. Bc5 Rf5 26. f4 Qd2 27.
Rb1 Qxe3+ 28. Kh2 Qf2+ 29. Kh3 Qf3 30. Bg2 Qg4+ 31. Kh2 Nc4 32. Qd8+ Kh7 33.
Rb8 g5 34. Qg8+ Kg6 35. Bf8 1-0

[Event "H.C Andersen Open"]
[Site "Odense"]
[Date "2013.05.11"]
[Round "7"]
[White "Bae, Torstein"]
[Black "Ochsner, Bjorn Moller"]
[Result "1/2-1/2"]
[WhiteElo "2442"]
[BlackElo "2347"]
[PlyCount "75"]
[EventDate "2013.05.08"]
[EventType "swiss"]
[EventRounds "9"]
[EventCountry "DEN"]
[SourceTitle "CBM 154 Extra"]
[Source "ChessBase"]
[SourceDate "2013.06.25"]

1. Nf3 c5 2. c4 Nc6 3. Nc3 g6 4. e3 Nf6 5. d4 cxd4 6. exd4 d5 7. cxd5 Nxd5 8.
Qb3 e6 9. Bb5 Bg7 10. Bg5 Qd6 11. O-O O-O 12. Bxc6 Nxc3 13. Qxc3 Qxc6 14. Qxc6
bxc6 15. Rfc1 Rb8 16. b3 Rb5 17. Be7 Re8 18. Bc5 a5 19. Rc3 Rd8 20. Re1 Rd5 21.
h3 Bd7 22. Rc4 h6 23. Re3 g5 24. Ne5 Bxe5 25. Rxe5 f6 26. Re3 Kf7 27. Ba3 Rb8
28. Bb2 Ra8 29. Bc3 h5 30. f3 Ke7 31. Kf2 Kd6 32. Ra4 Ke7 33. Bb4+ Kf7 34. Bc5
e5 35. Re2 exd4 36. Rxd4 Be6 37. Rxd5 Bxd5 38. Re7+ 1/2-1/2

[Event "H.C Andersen Open"]
[Site "Odense"]
[Date "2013.05.11"]
[Round "7"]
[White "Carlstedt, Jonathan"]
[Black "Carstensen, Jacob"]
[Result "1/2-1/2"]
[WhiteElo "2373"]
[BlackElo "2381"]
[PlyCount "92"]
[EventDate "2013.05.08"]
[EventType "swiss"]
[EventRounds "9"]
[EventCountry "DEN"]
[SourceTitle "CBM 154 Extra"]
[Source "ChessBase"]
[SourceDate "2013.06.25"]

1. c4 e5 2. g3 Nf6 3. Bg2 d5 4. cxd5 Nxd5 5. Nc3 Nb6 6. Nf3 Nc6 7. O-O Be7 8.
d3 Be6 9. Be3 Nd5 10. Bd2 O-O 11. a3 f6 12. Rc1 Qd7 13. Ne4 a5 14. Nc5 Bxc5 15.
Rxc5 a4 16. Qc2 Nde7 17. Rc1 Bb3 18. Qb1 Rac8 19. Re1 Rfd8 20. Be3 b6 21. Rcc1
Nd4 22. Nd2 Bd5 23. Bxd5+ Nxd5 24. Bxd4 exd4 25. Rc4 c5 26. Qc2 Ra8 27. e3 dxe3
28. fxe3 Re8 29. Nf1 Re5 30. Rh4 h6 31. d4 cxd4 32. Rxd4 Rc8 33. Qd3 Qc6 34.
Rd1 Ne7 35. Rd8+ Rxd8 36. Qxd8+ Kh7 37. Rd7 Rd5 38. Rxd5 Nxd5 39. g4 Qe6 40. h3
h5 41. Kf2 Qe5 42. Kf3 f5 43. gxf5 Qxf5+ 44. Ke2 Qe5 45. Kf3 Qf5+ 46. Ke2 Qe5
1/2-1/2

[Event "H.C Andersen Open"]
[Site "Odense"]
[Date "2013.05.11"]
[Round "7"]
[White "Christensen, Kristen Bjorn"]
[Black "Jacobsen, Steen Hefsgaard"]
[Result "1/2-1/2"]
[WhiteElo "1579"]
[BlackElo "2041"]
[PlyCount "57"]
[EventDate "2013.05.08"]
[EventType "swiss"]
[EventRounds "9"]
[EventCountry "DEN"]
[SourceTitle "CBM 154 Extra"]
[Source "ChessBase"]
[SourceDate "2013.06.25"]

1. d4 Nf6 2. c3 d5 3. e3 c6 4. f4 Nbd7 5. Bd3 Ne4 6. Nd2 Ndf6 7. Ngf3 e6 8. O-O
Bd6 9. Ne5 Nxd2 10. Bxd2 O-O 11. g4 h6 12. g5 hxg5 13. fxg5 Ne4 14. g6 Qg5+ 15.
Kh1 Bxe5 16. gxf7+ Rxf7 17. Bxe4 Qh4 18. dxe5 Qxe4+ 19. Kg1 Rxf1+ 20. Qxf1 Qxe5
21. Qg2 Bd7 22. Rf1 Rf8 23. Re1 Be8 24. e4 Qf6 25. exd5 cxd5 26. Be3 a6 27. Bd4
Qg6 28. Qxg6 Bxg6 29. Rxe6 1/2-1/2

[Event "H.C Andersen Open"]
[Site "Odense"]
[Date "2013.05.11"]
[Round "7"]
[White "Epishin, Vladimir"]
[Black "Rozentalis, Eduardas"]
[Result "1/2-1/2"]
[WhiteElo "2603"]
[BlackElo "2611"]
[PlyCount "133"]
[EventDate "2013.05.08"]
[EventType "swiss"]
[EventRounds "9"]
[EventCountry "DEN"]
[SourceTitle "CBM 154 Extra"]
[Source "ChessBase"]
[SourceDate "2013.06.25"]

1. d4 Nf6 2. c4 e6 3. Nf3 b6 4. Bf4 Bb7 5. e3 Bb4+ 6. Nbd2 Be7 7. h3 c5 8. Be2
O-O 9. O-O d6 10. Bh2 Nbd7 11. Qa4 a6 12. Rfd1 b5 13. cxb5 axb5 14. Qc2 Qb6 15.
dxc5 Nxc5 16. Nd4 Rfc8 17. Nxb5 Nce4 18. Nc3 Qc5 19. Ndxe4 Nxe4 20. Bf3 d5 21.
Bxe4 dxe4 22. a3 Qb6 23. Rac1 h6 24. Bg3 Ba6 25. Qxe4 Qxb2 26. Nd5 Qxa3 27.
Nxe7+ Qxe7 28. Rc7 Qe8 29. Rdd7 Rxc7 30. Rxc7 Rd8 31. Qg4 Bd3 32. e4 Rd7 33.
Be5 f5 34. exf5 Rxc7 35. Bxc7 exf5 36. Qd4 Be4 37. f3 Bc6 38. Be5 Qg6 39. Kf2
Kh7 40. Qc3 Bd5 41. Qc7 h5 42. Bd4 Bg8 43. Qe7 Bf7 44. Qf8 Bg8 45. Qd8 Bf7 46.
Qh4 Kg8 47. Qf4 Kh7 48. Qe5 Kg8 49. Qe7 Kh7 50. Be3 Kg8 51. Qc5 Kh7 52. Bf4 Kg8
53. Qd4 Kh7 54. Be5 Kg8 55. h4 Kh7 56. g3 Kg8 57. Qd8+ Kh7 58. Qg5 Qxg5 59.
hxg5 g6 60. f4 Bd5 61. Ke3 Ba8 62. Kd4 Bh1 63. Kc5 Ba8 64. Kd6 Bh1 65. Ke7 Ba8
66. Kf8 Bh1 67. Bg7 1/2-1/2

[Event "H.C Andersen Open"]
[Site "Odense"]
[Date "2013.05.11"]
[Round "7"]
[White "Erikstad, Olav Age"]
[Black "Jensen, Jakob"]
[Result "1/2-1/2"]
[WhiteElo "1836"]
[BlackElo "1802"]
[PlyCount "109"]
[EventDate "2013.05.08"]
[EventType "swiss"]
[EventRounds "9"]
[EventCountry "DEN"]
[SourceTitle "CBM 154 Extra"]
[Source "ChessBase"]
[SourceDate "2013.06.25"]

1. d4 d5 2. c4 e5 3. dxe5 d4 4. Nf3 Nc6 5. a3 Be6 6. e3 Bg4 7. Be2 dxe3 8. Bxe3
Qxd1+ 9. Bxd1 Bxf3 10. Bxf3 Nxe5 11. Be2 a6 12. Nc3 O-O-O 13. Nd5 Ne7 14. O-O-O
Nxd5 15. cxd5 Bd6 16. h3 Kb8 17. Rhe1 f6 18. Rd2 Ng6 19. g3 Ne7 20. Bf3 Nf5 21.
Rde2 Nxe3 22. Rxe3 f5 23. Kc2 Rhf8 24. Re6 Bc5 25. R1e2 Bd6 26. Kc3 Rf7 27. Kc4
Rdf8 28. a4 Kc8 29. b4 Kd7 30. Rb2 b6 31. Rbe2 Rb8 32. b5 a5 33. g4 g6 34. gxf5
gxf5 35. Bh5 Re7 36. Rxe7+ Bxe7 37. Bf7 Rf8 38. Be6+ Kd6 39. Kd3 Bd8 40. Kc4
Be7 41. f3 f4 42. Bg4 Rf6 43. Kd4 h6 44. Rc2 Bd8 45. Be6 Ke7 46. Rg2 Kd6 47.
Rg8 Be7 48. Ke4 Kc5 49. Rg2 Kb4 50. Ra2 Bd6 51. Kd3 Kb3 52. Ra1 Rg6 53. Bg4 Rg7
54. Ke2 Ba3 55. Kd3 1/2-1/2

[Event "H.C Andersen Open"]
[Site "Odense"]
[Date "2013.05.11"]
[Round "7"]
[White "Hamann, Brian"]
[Black "Nielsen, Poul Erik"]
[Result "1/2-1/2"]
[WhiteElo "1877"]
[BlackElo "2107"]
[PlyCount "37"]
[EventDate "2013.05.08"]
[EventType "swiss"]
[EventRounds "9"]
[EventCountry "DEN"]
[SourceTitle "CBM 154 Extra"]
[Source "ChessBase"]
[SourceDate "2013.06.25"]

1. d4 e6 2. Nf3 b6 3. g3 Bb7 4. Bg2 Nf6 5. c4 d5 6. O-O c5 7. cxd5 Nxd5 8. Nc3
Be7 9. Nxd5 Bxd5 10. Be3 Nd7 11. a3 O-O 12. Qa4 Bf6 13. Rfd1 Qe7 14. Rac1 Rfc8
15. Nd2 Bxg2 16. Kxg2 a6 17. Ne4 b5 18. Nxf6+ Nxf6 19. Qb3 1/2-1/2

[Event "H.C Andersen Open"]
[Site "Odense"]
[Date "2013.05.11"]
[Round "7"]
[White "Hansen, Mads"]
[Black "Christensen, Bo Garner"]
[Result "1-0"]
[WhiteElo "2306"]
[BlackElo "2247"]
[PlyCount "119"]
[EventDate "2013.05.08"]
[EventType "swiss"]
[EventRounds "9"]
[EventCountry "DEN"]
[SourceTitle "CBM 154 Extra"]
[Source "ChessBase"]
[SourceDate "2013.06.25"]

1. e4 e5 2. Nf3 Nc6 3. Bc4 Nf6 4. d3 Be7 5. c3 O-O 6. O-O d5 7. exd5 Nxd5 8.
Re1 Bf6 9. Nbd2 Bg4 10. h3 Bh5 11. Ne4 Nb6 12. Bb3 Kh8 13. Be3 Be7 14. Ng3 Bxf3
15. Qxf3 f5 16. Bxb6 axb6 17. Bd5 e4 18. dxe4 f4 19. Nf5 g6 20. Bxc6 bxc6 21.
Nd4 Qd7 22. e5 c5 23. Qc6 Rad8 24. Qxd7 Rxd7 25. Ne6 Rf5 26. Rad1 Rxe5 27. Nxf4
Bg5 28. g3 Bxf4 29. gxf4 Rxe1+ 30. Rxe1 Rd2 31. b4 cxb4 32. cxb4 Rxa2 33. Re8+
Kg7 34. Re7+ Kh6 35. Rxc7 Rb2 36. Rc4 Kh5 37. Rd4 Kh6 38. Kg2 Kh5 39. Rd5+ Kh4
40. Rb5 Rb3 41. Rxb6 Rxh3 42. f5 Rc3 43. fxg6 hxg6 44. Rxg6 Rb3 45. Rb6 Kg5 46.
b5 Kf5 47. Rb8 Ke6 48. b6 Kd6 49. f3 Kd7 50. Kg3 Rb1 51. f4 Rg1+ 52. Kh4 Rh1+
53. Kg5 Rg1+ 54. Kf6 Rb1 55. f5 Rb2 56. Kf7 Rb1 57. f6 Rb2 58. Kf8 Ke6 59. f7
Kf6 60. Rc8 1-0

[Event "H.C Andersen Open"]
[Site "Odense"]
[Date "2013.05.11"]
[Round "7"]
[White "Haub, Thorsten Michael"]
[Black "Danielsen, Henrik"]
[Result "1/2-1/2"]
[WhiteElo "2462"]
[BlackElo "2500"]
[PlyCount "42"]
[EventDate "2013.05.08"]
[EventType "swiss"]
[EventRounds "9"]
[EventCountry "DEN"]
[SourceTitle "CBM 154 Extra"]
[Source "ChessBase"]
[SourceDate "2013.06.25"]

1. g3 g6 2. Bg2 Bg7 3. e4 d6 4. d4 Nf6 5. Nc3 O-O 6. Nge2 Nbd7 7. O-O c5 8. h3
Rb8 9. a4 b6 10. Be3 cxd4 11. Bxd4 Bb7 12. f4 Nc5 13. e5 dxe5 14. Bxe5 Bxg2 15.
Kxg2 Rb7 16. Qxd8 Rxd8 17. Rfd1 Rbd7 18. b3 Nfe4 19. Bxg7 Kxg7 20. Rxd7 Rxd7
21. Rd1 Rxd1 1/2-1/2

[Event "H.C Andersen Open"]
[Site "Odense"]
[Date "2013.05.11"]
[Round "7"]
[White "Heinemann, Guido"]
[Black "Semcesen, Daniel"]
[Result "0-1"]
[WhiteElo "1856"]
[BlackElo "2473"]
[PlyCount "68"]
[EventDate "2013.05.08"]
[EventType "swiss"]
[EventRounds "9"]
[EventCountry "DEN"]
[SourceTitle "CBM 154 Extra"]
[Source "ChessBase"]
[SourceDate "2013.06.25"]

1. e4 d6 2. Nf3 Nf6 3. d3 c5 4. Be2 Nc6 5. Nc3 g6 6. O-O Bg7 7. h3 O-O 8. Bg5
h6 9. Be3 b6 10. d4 cxd4 11. Nxd4 Bb7 12. Bf3 Ne5 13. Re1 Rc8 14. Qc1 Kh7 15.
Bf4 Nxf3+ 16. Nxf3 e5 17. Bg3 Rxc3 18. bxc3 Nxe4 19. Qa3 Qc7 20. Rad1 Rd8 21.
Rd3 Nxg3 22. fxg3 e4 23. Rde3 exf3 24. gxf3 Rd7 25. Kg2 Bf6 26. h4 h5 27. Kh3
Kg7 28. Qb4 a5 29. Qb5 Bxc3 30. R1e2 Bd4 31. Re8 Bxf3 32. Rd2 Be5 33. Kh2 Bg4
34. c4 Re7 0-1

[Event "H.C Andersen Open"]
[Site "Odense"]
[Date "2013.05.11"]
[Round "7"]
[White "Jannik, Morten Emil"]
[Black "Olsson, Tomas"]
[Result "0-1"]
[WhiteElo "1610"]
[BlackElo "1936"]
[PlyCount "62"]
[EventDate "2013.05.08"]
[EventType "swiss"]
[EventRounds "9"]
[EventCountry "DEN"]
[SourceTitle "CBM 154 Extra"]
[Source "ChessBase"]
[SourceDate "2013.06.25"]

1. e4 e5 2. Nf3 Nc6 3. Bb5 a6 4. Bxc6 dxc6 5. O-O Qd6 6. d4 exd4 7. Qxd4 Qxd4
8. Nxd4 Bd7 9. Nc3 O-O-O 10. Bf4 Ne7 11. a3 Ng6 12. Be3 f6 13. b4 c5 14. bxc5
Bxc5 15. Nf5 Bf8 16. Nd4 Ne5 17. Nb3 b6 18. a4 a5 19. Nb5 Nc4 20. Bf4 Bxb5 21.
axb5 Bd6 22. Bg3 Rhe8 23. f3 Bxg3 24. hxg3 Re5 25. Rfd1 Rxd1+ 26. Rxd1 Rxb5 27.
Nd4 Rb2 28. Ne6 Rxc2 29. Nxg7 Ne3 30. Rd3 Rxg2+ 31. Kh1 Rxg3 0-1

[Event "H.C Andersen Open"]
[Site "Odense"]
[Date "2013.05.11"]
[Round "7"]
[White "Konstantinov, Maxim"]
[Black "Hylle Wiig, Lennart Moesgaard"]
[Result "1/2-1/2"]
[WhiteElo "1990"]
[BlackElo "1856"]
[PlyCount "37"]
[EventDate "2013.05.08"]
[EventType "swiss"]
[EventRounds "9"]
[EventCountry "DEN"]
[SourceTitle "CBM 154 Extra"]
[Source "ChessBase"]
[SourceDate "2013.06.25"]

1. d4 d5 2. c4 e6 3. Nf3 Nf6 4. Nc3 c6 5. Bg5 Be7 6. e3 a6 7. c5 Nbd7 8. b4 Ne4
9. Nxe4 dxe4 10. Bxe7 Qxe7 11. Ne5 O-O 12. Nc4 Qg5 13. Rb1 Kh8 14. h4 Qg6 15.
g3 f5 16. Be2 Qf6 17. O-O e5 18. dxe5 Nxe5 19. Nxe5 1/2-1/2

[Event "H.C Andersen Open"]
[Site "Odense"]
[Date "2013.05.11"]
[Round "7"]
[White "Nielsen, John Bauneborg"]
[Black "Jacobsen, Bo"]
[Result "0-1"]
[WhiteElo "2161"]
[BlackElo "2319"]
[PlyCount "60"]
[EventDate "2013.05.08"]
[EventType "swiss"]
[EventRounds "9"]
[EventCountry "DEN"]
[SourceTitle "CBM 154 Extra"]
[Source "ChessBase"]
[SourceDate "2013.06.25"]

1. g3 g6 2. Bg2 Bg7 3. c4 e5 4. Nc3 Ne7 5. e3 Nbc6 6. Nge2 Nf5 7. b3 O-O 8. Bb2
Re8 9. d3 d6 10. O-O a6 11. a3 Rb8 12. b4 Bd7 13. Rc1 h5 14. Nd5 h4 15. Qc2
hxg3 16. hxg3 Rc8 17. a4 Qg5 18. b5 Nd8 19. Ba3 axb5 20. cxb5 Ne6 21. Ndc3 Qh5
22. Bxb7 Nh6 23. Rfd1 Ng4 24. Kf1 Bh6 25. Nd5 Ng5 26. Ng1 Nh2+ 27. Kg2 Bh3+ 28.
Kh1 Bg7 29. Nxc7 Rxc7 30. Qxc7 Ng4 0-1

[Event "H.C Andersen Open"]
[Site "Odense"]
[Date "2013.05.11"]
[Round "7"]
[White "Olsen, Aage Dalstrup"]
[Black "Iversen, Christian"]
[Result "1/2-1/2"]
[WhiteElo "2056"]
[BlackElo "1876"]
[PlyCount "110"]
[EventDate "2013.05.08"]
[EventType "swiss"]
[EventRounds "9"]
[EventCountry "DEN"]
[SourceTitle "CBM 154 Extra"]
[Source "ChessBase"]
[SourceDate "2013.06.25"]

1. e4 Nf6 2. e5 Nd5 3. d4 d6 4. Nf3 dxe5 5. Nxe5 g6 6. c4 Nf6 7. Nc3 Bg7 8. Be3
O-O 9. Qf3 Nbd7 10. Nxd7 Nxd7 11. Rd1 c5 12. d5 Bxc3+ 13. bxc3 Qa5 14. Bh6 Re8
15. Rd2 Nf6 16. h3 Bf5 17. Bd3 Qxc3 18. Bxf5 Qe5+ 19. Kf1 Qxf5 20. Qxf5 gxf5
21. Rd3 Ne4 22. Rg1 e5 23. Rf3 f4 24. Ke2 Kh8 25. g3 Rg8 26. Rb1 Rg6 27. gxf4
Rxh6 28. fxe5 b6 29. Rg1 Rg8 30. Rxg8+ Kxg8 31. Rf4 Nc3+ 32. Kd3 Nxa2 33. Rg4+
Kf8 34. h4 Nb4+ 35. Ke4 a5 36. f4 a4 37. Rg3 Nc2 38. Rc3 Nd4 39. Ra3 Rxh4 40.
Rxa4 Ne2 41. Ra8+ Kg7 42. e6 Nxf4 43. Kf5 Nxe6 44. dxe6 fxe6+ 45. Kg5 Rxc4 46.
Ra7+ Kf8 47. Kf6 Ke8 48. Kxe6 Kd8 49. Kd6 Rd4+ 50. Kc6 Rb4 51. Kd6 Kc8 52. Kc6
Kb8 53. Rxh7 c4 54. Rh8+ Ka7 55. Rh7+ Kb8 1/2-1/2

[Event "H.C Andersen Open"]
[Site "Odense"]
[Date "2013.05.11"]
[Round "7"]
[White "Brondt, Nicolai Kvist"]
[Black "Eriksson, Christian Altenburg"]
[Result "1/2-1/2"]
[WhiteElo "2169"]
[BlackElo "2156"]
[PlyCount "43"]
[EventDate "2013.05.08"]
[EventType "swiss"]
[EventRounds "9"]
[EventCountry "DEN"]
[SourceTitle "CBM 154 Extra"]
[Source "ChessBase"]
[SourceDate "2013.06.25"]

1. Nf3 c5 2. c4 Nc6 3. g3 g6 4. Bg2 Bg7 5. Nc3 d6 6. O-O e5 7. d3 Nge7 8. Ne1
Be6 9. Nd5 O-O 10. Nc2 Rb8 11. b4 cxb4 12. Ncxb4 Nxb4 13. Nxb4 d5 14. Nxd5 Nxd5
15. cxd5 Bxd5 16. Ba3 Bxg2 17. Kxg2 Re8 18. Qb3 Qd7 19. Rac1 Rbc8 20. Bc5 b6
21. Be3 h5 22. h4 1/2-1/2

[Event "H.C Andersen Open"]
[Site "Odense"]
[Date "2013.05.11"]
[Round "7"]
[White "Poulsen, Iver"]
[Black "Bromann, Thorbjorn"]
[Result "0-1"]
[WhiteElo "2054"]
[BlackElo "2368"]
[PlyCount "66"]
[EventDate "2013.05.08"]
[EventType "swiss"]
[EventRounds "9"]
[EventCountry "DEN"]
[SourceTitle "CBM 154 Extra"]
[Source "ChessBase"]
[SourceDate "2013.06.25"]

1. e4 e6 2. d4 d5 3. Nc3 Nf6 4. Bg5 Bb4 5. e5 h6 6. Bd2 Bxc3 7. Bxc3 Ne4 8. Ne2
O-O 9. Bb4 c5 10. Ba3 b5 11. c3 Nc6 12. f3 b4 13. Bxb4 cxb4 14. fxe4 dxe4 15.
Qc2 bxc3 16. bxc3 Qc7 17. Qxe4 Bb7 18. Qg4 Qb6 19. h4 Qb2 20. Rd1 Ne7 21. Rh3
f5 22. Qf4 Qxa2 23. Qd2 Qxd2+ 24. Kxd2 f4 25. c4 a5 26. Ra1 a4 27. Kc3 Bc6 28.
Kc2 Nf5 29. Kd3 Ne3 30. Ng3 Rfb8 31. Ne4 Nxf1 32. Rxf1 Rb3+ 33. Nc3 Bxg2 0-1

[Event "H.C Andersen Open"]
[Site "Odense"]
[Date "2013.05.11"]
[Round "7"]
[White "Rasmussen, Jens"]
[Black "Rasmussen, Morten Thor"]
[Result "1/2-1/2"]
[WhiteElo "1713"]
[BlackElo "1719"]
[PlyCount "146"]
[EventDate "2013.05.08"]
[EventType "swiss"]
[EventRounds "9"]
[EventCountry "DEN"]
[SourceTitle "CBM 154 Extra"]
[Source "ChessBase"]
[SourceDate "2013.06.25"]

1. d4 d5 2. Nf3 Nf6 3. e3 c5 4. Be2 Nc6 5. c3 cxd4 6. exd4 Bf5 7. O-O Qc7 8.
Nbd2 e6 9. Re1 Bd6 10. Nf1 O-O 11. Bg5 Ne4 12. Bh4 h6 13. Bg3 Nxg3 14. Nxg3
Bxg3 15. fxg3 Rad8 16. Nh4 Be4 17. Bd3 Bxd3 18. Qxd3 e5 19. Nf5 e4 20. Qf1 Ne7
21. Ne3 Qb6 22. Qe2 f5 23. Rf1 g6 24. Rad1 Rf6 25. b3 Nc6 26. Qb2 Na5 27. Kh1
Nc4 28. Nxc4 dxc4 29. Qd2 cxb3 30. axb3 Qxb3 31. Rb1 Qf7 32. Qxh6 Rc8 33. Rbc1
Rfc6 34. Qe3 b5 35. g4 b4 36. cxb4 fxg4 37. Rcd1 Qd5 38. Rf4 Rc3 39. Qxe4 Qxe4
40. Rxe4 Rc1 41. Rg1 g3 42. hxg3 Rxg1+ 43. Kxg1 Rc4 44. b5 Rb4 45. Re7 Rxb5 46.
Rxa7 Rf5 47. Re7 Kf8 48. Re3 Rd5 49. Re4 Kf7 50. g4 Kf6 51. Kf2 g5 52. Ke3 Ra5
53. Re8 Ra1 54. Rf8+ Kg6 55. Ke4 Re1+ 56. Kd5 Re2 57. g3 Re3 58. Rg8+ Kf6 59.
Kd6 Rxg3 60. Rf8+ Kg7 61. Rf1 Rxg4 62. d5 Rf4 63. Rg1 Kf6 64. Kd7 g4 65. d6 Rd4
66. Rf1+ Ke5 67. Ke7 Ke4 68. d7 g3 69. Rf8 Rxd7+ 70. Kxd7 g2 71. Rg8 Kf3 72.
Ke6 Kf2 73. Rf8+ Kg3 1/2-1/2

[Event "H.C Andersen Open"]
[Site "Odense"]
[Date "2013.05.11"]
[Round "7"]
[White "Rendboe, John Filip"]
[Black "Jensen, Tobias Ilsoe"]
[Result "1/2-1/2"]
[WhiteElo "2241"]
[BlackElo "1905"]
[PlyCount "34"]
[EventDate "2013.05.08"]
[EventType "swiss"]
[EventRounds "9"]
[EventCountry "DEN"]
[SourceTitle "CBM 154 Extra"]
[Source "ChessBase"]
[SourceDate "2013.06.25"]

1. c4 c5 2. Nc3 Nc6 3. g3 g6 4. Bg2 Bg7 5. Nf3 e6 6. O-O Nge7 7. d3 d5 8. cxd5
exd5 9. Bf4 O-O 10. Rc1 b6 11. Qd2 Bb7 12. Nb5 Nf5 13. g4 Nfd4 14. Nd6 Qe7 15.
Nxd4 Nxd4 16. Rfe1 Bc6 17. e4 dxe4 1/2-1/2